Zgadnij język po trzech słowach! - Statystyki

Ogólne statystyki
  • Ten quiz został rozwiązany 76 razy
  • Średni wynik to 13 z 20
Statystyki odpowiedzi
Trzy wyrazy Język % Poprawnych
hola, gracias, amigo Hiszpański
99%
hej, pierogi, dziękuję Polski
99%
bonjour, fromage, merci Francuski
97%
hallo, danke, bier Niemiecki
97%
ciao, pizza, grazie Włoski
97%
merhaba, kebap, teşekkür Turecki
96%
konnichiwa, sushi, arigatou Japoński
94%
privet, spasibo, vodka Rosyjski
94%
ni hao, baozi, xie xie Chiński
82%
szia, gulyás, köszönöm Węgierski
81%
annyeong, kimchi, gamsahamnida Koreański
78%
olá, obrigado, futebol Portugalski
67%
hej, tack, smörgås Szwedzki
60%
xin chào, phở, cảm ơn Wietnamski
55%
ahlan, shukran, falafel Arabski
49%
god dag, brunost, takk Norweski
33%
geia, souvlaki, efcharistó Grecki
31%
tere, kohv, aitäh Estoński
24%
sawubona, ubuntu, ngiyabonga Zulu
9%
halo, terima kasih, nasi Indonezyjski
6%
Nie znaleziono quizów pasujących do podanych kryteriów
Rozkład punktacji
Procent ludzi z każdym wynikiem
Percentyl według liczby udzielonych odpowiedzi
Twoja historia wyników
Nie rozwiązałeś tego quizu